| 000 | 01462nam a2200253 a 4500 | ||
|---|---|---|---|
| 001 | BRL_1214 | ||
| 005 | 20190320211104.0 | ||
| 008 | 291113s1982----cn-a######---#000-0#eng-# | ||
| 020 | _a0774369930 | ||
| 041 | _aeng | ||
| 044 | _acn | ||
| 050 | 4 |
_aT27.C5 _b.C45 1982 |
|
| 245 | 1 | 0 |
_aChina, 7000 years of discovery _cWritten and edited by China Science and Technology Palace Preparatory Committee and the Ontario Science Centre ; Consulting Writter: Richard Longley. |
| 260 |
_aOntario, Canadá _bChina Science and Technology Palace Preparatory Committee : Ontario Science Centre _c1982 |
||
| 300 |
_a64 p. _bil. (algunas a color) _c25 cm. _eincluye un tríptico y una guía |
||
| 500 | _aAu1392 | ||
| 500 | _aA especial exhibition produced by the China Science and Technology Museum in cooperation with the Ontario Science Centre, Toronto (May 1 to October 31,1982), Museum of Science and Industry, Chicago (June 1 to October 2, 1983), Pacific Science Center, Seatle (March 1 to August 31, 1984), High Museum of Art, Atlanta (November 19, 1984 to february 24, 1985), Museum of Science, Boston (June 1 to December 1, 1985) Southwest Museum of Science and Technology, Dallas (June 15 to December 15, 1986) | ||
| 650 | 1 | 4 |
_aTecnología _xHistoria _zChina _926144 |
| 700 | 1 |
_aLongley, Richard _926145 |
|
| 710 | 2 |
_aChina Science and Technology Palace Preparatory Committee _926146 |
|
| 710 | 2 |
_aOntario Science Centre _926147 |
|
| 902 | _aGRL | ||
| 942 |
_2lcc _cB |
||
| 999 |
_c10026 _d10026 |
||